LEADER 04057nam 22007215 450 001 996466195903316 005 20200706213055.0 010 $a3-319-99954-0 024 7 $a10.1007/978-3-319-99954-8 035 $a(CKB)4100000006674681 035 $a(DE-He213)978-3-319-99954-8 035 $a(MiAaPQ)EBC6299002 035 $a(PPN)230538428 035 $a(EXLCZ)994100000006674681 100 $a20180904d2018 u| 0 101 0 $aeng 135 $aurnn|008mamaa 181 $ctxt$2rdacontent 182 $cc$2rdamedia 183 $acr$2rdacarrier 200 10$aComputer Information Systems and Industrial Management$b[electronic resource] $e17th International Conference, CISIM 2018, Olomouc, Czech Republic, September 27-29, 2018, Proceedings /$fedited by Khalid Saeed, W?adys?aw Homenda 205 $a1st ed. 2018. 210 1$aCham :$cSpringer International Publishing :$cImprint: Springer,$d2018. 215 $a1 online resource (XXI, 524 p. 179 illus.) 225 1 $aInformation Systems and Applications, incl. Internet/Web, and HCI ;$v11127 300 $aIncludes index. 311 $a3-319-99953-2 330 $aThis book constitutes the proceedings of the 17th International Conference on Computer Information Systems and Industrial Management Applications, CISIM 2018, held in Olomouc, Czech Republic, in September 2018. The 42 full papers presented together with 4 keynotes were carefully reviewed and selected from 69 submissions. The main topics covered by the chapters in this book are biometrics, security systems, multimedia, classification and clustering, and industrial management. Besides these, the reader will find interesting papers on computer information systems as applied to wireless networks, computer graphics, and intelligent systems. The papers are organized in the following topical sections: biometrics and pattern recognition applications; computer information systems; industrial management and other applications; machine learning and high performance computing; modelling and optimization; and various aspects of computer security. . 410 0$aInformation Systems and Applications, incl. Internet/Web, and HCI ;$v11127 606 $aApplication software 606 $aArtificial intelligence 606 $aComputer communication systems 606 $aArchitecture, Computer 606 $aSoftware engineering 606 $aOptical data processing 606 $aComputer Applications$3https://scigraph.springernature.com/ontologies/product-market-codes/I23001 606 $aArtificial Intelligence$3https://scigraph.springernature.com/ontologies/product-market-codes/I21000 606 $aComputer Communication Networks$3https://scigraph.springernature.com/ontologies/product-market-codes/I13022 606 $aComputer System Implementation$3https://scigraph.springernature.com/ontologies/product-market-codes/I13057 606 $aSoftware Engineering$3https://scigraph.springernature.com/ontologies/product-market-codes/I14029 606 $aImage Processing and Computer Vision$3https://scigraph.springernature.com/ontologies/product-market-codes/I22021 615 0$aApplication software. 615 0$aArtificial intelligence. 615 0$aComputer communication systems. 615 0$aArchitecture, Computer. 615 0$aSoftware engineering. 615 0$aOptical data processing. 615 14$aComputer Applications. 615 24$aArtificial Intelligence. 615 24$aComputer Communication Networks. 615 24$aComputer System Implementation. 615 24$aSoftware Engineering. 615 24$aImage Processing and Computer Vision. 676 $a004.6 702 $aSaeed$b Khalid$4edt$4http://id.loc.gov/vocabulary/relators/edt 702 $aHomenda$b W?adys?aw$4edt$4http://id.loc.gov/vocabulary/relators/edt 801 0$bMiAaPQ 801 1$bMiAaPQ 801 2$bMiAaPQ 906 $aBOOK 912 $a996466195903316 996 $aComputer Information Systems and Industrial Management$91947570 997 $aUNISA